Седмата луна (Запис номер 34420)
[ съкратено ]
| 000 -Лидер | |
|---|---|
| Контролно поле с фиксирана дължина | 01279nam a2200337 c 4500 |
| 003 - Код на организацията, давaща контролен номер | |
| Контролно поле | BLK |
| 005 - Дата и час на последна редакция | |
| Контролно поле | 20241203084451.0 |
| 008 - Елементи от данни с фиксирана дължина | |
| fixed length control field | 180408b bul|||||r ||||||| ||bul|| |
| 010 ## - Наследен системен номер | |
| LC control number | KNG00037121000 |
| 020 ## - Международен стандартен номер на книга ISBN | |
| Международен стандартен номер на книга ISBN | 954-585-250-Х |
| -- | издат.: Бард |
| 040 ## - Източник на каталожния запис | |
| Идентификатор на билиотеката - собственик на записа | BLK |
| 041 ## - Код за език | |
| Код за езика на текст/звукозапис или на отделно заглавие | Български |
| Код за езика КДБФ | Български |
| 080 ## - УДК | |
| Текстов определител УДК | Американска литература (на САЩ) |
| УДК код - определител по УДК | 821.111(73) |
| УДК определител | -31 |
| УДК - код + определител | 821.111(73)-31 |
| 100 1# - Редна дума - Автор | |
| Автор | Габриел, Мариус |
| Авторска отговорност | първи автор |
| R(LIN) | 269622 |
| 139 ## - Редно поле | |
| Редна дума | Габриел, Мариус |
| Авторски знак | Габ - Г 13 |
| 245 10 - Сведения за заглавието | |
| Заглавие | Седмата луна |
| Подзаглавни данни | Роман |
| Редно поле (дума) | Мариус Габриел; прев. от англ. Венелин Мечков. |
| 257 ## - Страна на издаване | |
| Страна на създаване/издаване | Съединени американски щати |
| 260 ## - Област на издателските данни | |
| -- | София |
| Име на издателя, разпространителя и проч. | Бард |
| Година на издаване | 2001 |
| Печатница | Хасково : Полиграфюг |
| 300 ## - Физическа характеристика | |
| Страници | 461 с. |
| Размери/Мащаб | 21 см |
| 380 ## - Жанр | |
| Жанр | Худож. лит. |
| 490 1# - СЕРИИ (Колекции) | |
| Име на серия | Съвременни романи |
| 490 1# - СЕРИИ (Колекции) | |
| -- | Подсерия |
| Име на серия | Галерия Бард |
| 500 ## - Общи забележки | |
| Забележка | Ориг. загл. The seventh moon / Marius Gabriel |
| 700 1# - Други автори (авторска отговорност) | |
| Лично име | Мечков, Венелин |
| Автороска отговорност (Описва отношението между автора и произведението) | прев. от англ. |
| 9 (RLIN) | 365716 |
| 852 ## - Местоположение | |
| Форматна сигнатура | Цб 209179 |
| 856 4# - Електронен адрес и достъп | |
| Електронен формат | pdf - файл |
| Път до файла /url/ | |
| 856 4# - Електронен адрес и достъп | |
| Електронен формат | pdf - файл |
| Път до файла /url/ | |
| 942 ## - АРТИКУЛИ | |
| Вид на библиотечния материал | Книги |
| Скрит в OPAC | Не |
| Koha issues (borrowed), all copies | 31 |
| 944 ## - СЪЗДАВАНЕ И РЕДАКЦИЯ на ЗАПИСА | |
| Създаване/Редакция | Създаване |
| Дата на регистрацията/редакция | 16.04.2003 |
| Статус, дата на статуса | Диана Гривева |
| Служител, извършил регистрацията/редакцията | 30529 |
| 944 ## - СЪЗДАВАНЕ И РЕДАКЦИЯ на ЗАПИСА | |
| Създаване/Редакция | Редакция |
| Дата на регистрацията/редакция | 07.02.2014 |
| Статус, дата на статуса | ф / |
| Служител, извършил регистрацията/редакцията | |
| 999 ## - СИСТЕМНИ КОНТРОЛНИ НОМЕРА | |
| Koha biblionumber | 34420 |
| Koha biblioitemnumber | 34420 |
| Код за отписване | Код за изгубен артикул | Източник на класификационната схема | Код за повреда | Коз за рестрикции | Код за отдаване | Артикулен № | Име на библиотеката - собственик | Име на библиотеката, в която се намира в момента | Статус (Текущо местоположение) | Дата на вписване в системата | Местоположение - отдел | Цена в лева | Инвентарен номер | Систематично азбучна сигнатура | Баркод | Номер на екземпляра | Цена в евро | Служебна бележка | Служебен тип на артикула |
|---|---|---|---|---|---|---|---|---|---|---|---|---|---|---|---|---|---|---|---|
| Изтеглен | Не е изгубен | Universal Decimal Classification | Не е повреден | без рестрикции | заемане за дома | 54617 | Регионална библиотека "Любен Каравелов" Русе | Регионална библиотека "Любен Каравелов" Русе | Заемна - подръчен фонд | 2001-01-01 | Заемна - подръчен фонд | 7.55 | 666066 | П 820(73)-31/Г 13 | 666066 | 1 | 3.86 | Дост: Pk Вид: Ф N: стар фонд Дата: 01.01.2001 | Книги |
| Изтеглен | Не е изгубен | Universal Decimal Classification | Не е повреден | без рестрикции | заемане за дома | 54618 | Регионална библиотека "Любен Каравелов" Русе | Регионална библиотека "Любен Каравелов" Русе | Заемна - подръчен фонд | 2001-11-23 | Заемна - подръчен фонд | 8.00 | 668676 | П 820(73)-31/Г 13 | 668676 | 2 | 4.09 | Дост: Pk Вид: Ф N: 45 Дата: 23.11.2001 | Книги |
| Не е изгубен | Не е повреден | без рестрикции | ползва се в читалня | 54619 | Регионална библиотека "Любен Каравелов" Русе | Регионална библиотека "Любен Каравелов" Русе | Хранилище | 2003-04-01 | Хранилище | 7.99 | 120000675379 | Цб 209179 | 120000675379 | 3 | 4.09 | Дост: Dp Вид: Д N: 23 Дата: 29.05.2002 | Книги | ||
| Изтеглен | Не е изгубен | Universal Decimal Classification | Не е повреден | без рестрикции | заемане за дома | 54620 | Регионална библиотека "Любен Каравелов" Русе | Регионална библиотека "Любен Каравелов" Русе | Заемна - подръчен фонд | 2006-12-28 | Заемна - подръчен фонд | 8.99 | 120000708013 | П 820(73)-31/Г 13 | 120000708013 | 4 | 4.60 | Дост: Pk Вид: Ф N: 47857 Дата: 21.12.2006 Дата инв: 17.02.2018 Бележки инв: П2018 | Книги |